000 00668namaa22001571 4500
001 173828
003 ES-MaACL
005 20230906215346.0
008 100125s1839 sp |||| | spa d
040 _aSpMaBN
_bspa
_cA2
100 1 _aFernández Travanco, José.
_9142020
245 1 0 _aMonje y seglar
_b: drama en cinco actos y en verso consonante /
_cpor José Fernández Travanco.
260 _aMadrid :
_b[s.n.],
_c1839 (
_fImpr. de D. I. Boix)
300 _a72 p. ;
_c17 cm.
852 _aES-MaACL
_jF-8618(1)
_z.- Enc. pasta española
_q.- Falto de la cub. original
_z.- Enc. en un vol. facticio formando parte de la col. facticia "Teatro español moderno", vol. 73
999 _c173828
_d173828